Cómo hablar en radio y televisión
Gorde:
| Egile Nagusiak: | , |
|---|---|
| Formatua: | Liburua |
| Hizkuntza: | gaztelania |
| Argitaratua: |
Buenos Aires
Longseller
2004
|
| Edizioa: | 1a. ed |
| Saila: | Guías Prácticas
|
| Etiketak: |
Etiketa erantsi
Etiketarik gabe, Izan zaitez lehena erregistro honi etiketa jartzen!
|
MARC
| LEADER | 00000nam a2200000 a 4500 | ||
|---|---|---|---|
| 001 | UCJ2066 | ||
| 003 | CL-VaPUC | ||
| 008 | 061124e20040000AG |||||||||||||||||spa|d | ||
| 020 | |a 9875503002 | ||
| 082 | 0 | 4 | |a 302.23 |b ARG |2 21 |
| 100 | 0 | |a Argibay, Lidia |e author |9 502996 | |
| 700 | 0 | |a Pagán, Celia |e author |9 502997 | |
| 245 | 1 | 0 | |a Cómo hablar en radio y televisión |
| 250 | |a 1a. ed | ||
| 300 | |a 95 p | ||
| 942 | |c BK | ||
| 945 | |d 20061124 00:00:00 |a jtorresc | ||
| 260 | |a Buenos Aires |b Longseller |c 2004 | ||
| 583 | |a last modification |c 20061124 00:00:00 |k Rodrigo Vera | ||
| 490 | 0 | |a Guías Prácticas | |
| 999 | |c 318483 |d 318481 | ||
| 952 | |0 0 |1 0 |4 0 |6 302_230000000000000_ARG_2004 |7 0 |8 A |9 396288 |a BIBCUR |b BIBCUR |d 2019-11-22 |i 4272951 |o 302.23 ARG 2004 |p 4272951 |r 2025-04-22 |w 2019-11-22 |y BK |k PER | ||